Az univerzális szakértők sajátos kategóriája
Elmentve itt :
| Szerző: | |
|---|---|
| Adatforrás: | Meister |
| Forrásdokumentuma: | Korunk. - 9 sz., 1991, 1128-1131 p. |
| Nyelv: | magyar |
| Kulcsszavak: | szociológia társadalomfilozófia intézményesülés értelmiség legitimáció intézmény |
| LEADER | 00541nab a2200181 i 4500 | ||
|---|---|---|---|
| 001 | bibPRO00001995 | ||
| 008 | 060524s1991 xx hun | ||
| 040 | |a Sz1 | ||
| 041 | |a hun | ||
| 100 | 1 | |a BERGER Peter L. ; LUCKMANN Thomas | |
| 245 | 1 | 3 | |a Az univerzális szakértők sajátos kategóriája |c BERGER Peter L. ; LUCKMANN Thomas |
| 695 | |a szociológia | ||
| 695 | |a társadalomfilozófia | ||
| 695 | |a intézményesülés | ||
| 695 | |a értelmiség | ||
| 695 | |a legitimáció | ||
| 695 | |a intézmény | ||
| 773 | 0 | |t Korunk. - |g 9 sz., 1991, 1128-1131 p. | |